000 01255nam a2200361 i 4500
001 13924
003 KOSZ 005
005 20210827080003.0
008 070923s1971 pl a f 001 0 pol
015 _aPB 1971/7104
040 _aWA N
_cWA N
_dKOSZ 005/RW
080 _a744
080 _a621.3
080 _a62-5
100 1 _aMichel, Karol
_d(1908-2002)
_eAutor
245 1 0 _aZasady rysunku elektrycznego w elektronice i automatyce /
_cKarol Michel, Tadeusz Sapiński.
260 _aWarszawa :
_bWydawnictwa Naukowo-Techniczne,
_c1971.
300 _a494, [2] strony :
_bilustracje ;
_c18 cm.
336 _aTekst
_btxt
_2rdacontent
337 _aBez urządzenia pośredniczącego
_bn
_2rdamedia
338 _aWolumin
_bnc
_2rdacarrier
380 _aKsiążki.
504 _aBibliografia na stronach 476-[479]. Indeks.
650 4 _aElektronika
650 4 _aAutomatyka
650 4 _aElektrotechnika
655 7 _aRysunek techniczny
658 _aInżynieria i technika
700 1 _aSapiński, Tadeusz
_eAutor
710 2 _aWydawnictwa Naukowo-Techniczne
_4pbl.
856 _uhttp://koha.tu.koszalin.pl/cgi-bin/koha/opac-detail.pl?biblionumber=13924
_yKatalog online BPK
942 _2UKD
_cKS
999 _c13924
_d13924